000 00220nam a22000857a 4500
008 160705b xxu||||| |||| 00| 0 eng d
100 _92097
_a Mittal, A
245 _aTeaching of Chemistry
260 _aNew Delhi
_b A.P.H.
_c2004
999 _c1792
_d1792